[Event "ROM-ch"]
[Site "Baile Olanesti"]
[Date "2013.02.21"]
[Round "7"]
[White "Cornea, Alexandru"]
[Black "Gioga, Sterie"]
[Result "1-0"]
[WhiteElo "1897"]
[BlackElo "1001"]
[PlyCount "67"]
[EventDate "2013.02.16"]
[EventType "swiss"]
[EventRounds "11"]
[EventCountry "ROU"]
[SourceTitle "CBM 153 Extra"]
[Source "ChessBase"]
[SourceDate "2013.04.22"]
[SourceVersion "1"]
[SourceVersionDate "2013.04.22"]
[SourceQuality "1"]

1. c4 e5 2. Nc3 f5 3. e4 d6 4. d4 exd4 5. Qxd4 Nc6 6. Qd1 Nf6 7. Bg5 Be7 8. exf5 Bxf5 9. Bd3 Bxd3 10. Qxd3 0-0 11. Nge2 Kh8 12. 0-0 Ne5 13. Qd4 Qd7 14. Rad1 Qe6 15. b3 a6 16. Rde1 h6 17. Bc1 Qf7 18. Ng3 Nc6 19. Qd1 Rae8 20. Nf5 Bd8 21. Rxe8 Rxe8 22. Qf3 Nd7 23. Qh3 Re5 24. g4 Qg6 25. Kh1 Re8 26. Nd5 Nce5 27. Rg1 Rf8 28. f3 Nc5 29. Nf4 Qh7 30. Be3 Bg5 31. Qg3 g6 32. Bxc5 dxc5 33. Ne6 Rxf5 34. gxf5 1-0